Score 0/22 Timer 05:00
1 Play Today
Mentions Characters % Correct
308Katniss
98.9%
1664Peeta
95.2%
550Gale
83%
717Haymitch
79.6%
193Effie
57.7%
171Johanna
56%
49Annie
52.9%
230Beetee
43.9%
210Plutarch
40.3%
38Enobaria
30.1%
45Buttercup
27%
Mentions Characters % Correct
48Octavia
25.2%
24Flavius
21.8%
55Pollux
19.7%
120Caesar
19.2%
94Cressida
19%
35Venia
18.4%
32Greasy Sae
16.8%
35Hazelle
12.7%
34Tigris
12.5%
41Delly
9.9%
39Fulvia
8.6%
Remove Ads.
Support Sporcle.
Get the best of Sporcle when you Go Orange. This ad-free experience offers more features, more stats, and more fun while also helping to support Sporcle. Thank you for becoming a member.

You're not logged in!

Compare scores with friends on all Sporcle quizzes.
OR
Log In

Show Comments

Extras

Top Quizzes Today


Score Distribution

Your Account Isn't Verified!

In order to create a playlist on Sporcle, you need to verify the email address you used during registration. Go to your Sporcle Settings to finish the process.

Report this User

Report this user for behavior that violates our Community Guidelines.

Details: